| 000 | 00347nam a2200145Ia 4500 | ||
|---|---|---|---|
| 008 | 210210b1984 xxu||||| |||| 00| 0 eng d | ||
| 082 | _a301 VIDA | ||
| 100 | _aVIDYARTHI (L P), Ed. | ||
| 245 | _aApplied anthropology in India. | ||
| 250 | _a | ||
| 260 |
_aAllahabad _bKitab mahal _c1984 |
||
| 300 | _a533 | ||
| 690 | _aSociology | ||
| 906 | _a037587 | ||
| 999 |
_c87697 _d87697 |
||